[Event "XV Festival B"]
[Site "Padova ITA"]
[Date "2012.12.15"]
[Round "1"]
[White "Alfier, Cecilia"]
[Black "Aprile, Martino"]
[WhiteElo "1680"]
[BlackElo "1947"]
[Result "0-1"]
[PlyCount "86"]
[EventDate "2012.12.15"]

1. e4 c6 2. d4 d5 3. exd5 cxd5 4. c4 Nf6 5. Nc3 e6 6. Nf3 Nbd7 7. Bd3 dxc4 8.
Bxc4 b6 9. O-O Bb7 10. Re1 Be7 11. d5 exd5 12. Nxd5 Bxd5 13. Bxd5 Nxd5 14. Qxd5
O-O 15. Bf4 Bf6 16. Rad1 Nc5 17. Bd6 Re8 18. Rxe8+ Qxe8 19. b4 Na4 20. Qb3 Nc3
21. Re1 Qb5 22. h3 h6 23. Kh1 Re8 24. Rxe8+ Qxe8 25. Bg3 Qe2 26. a4 a6 27. Kg1
b5 28. a5 Qa2 29. Qxa2 Nxa2 30. Bd6 Bc3 31. Ne5 Nxb4 32. Bxb4 Bxb4 33. Nc6 Bd6
34. Kf1 Kf8 35. Ke2 Ke8 36. Kd3 Kd7 37. Nd4 g6 38. f3 Bc5 39. Nb3 Kd6 40. Ke4
f5+ 41. Kf4 Kd5 42. g4 fxg4 43. fxg4 b4 0-1

[Event "XV Festival B"]
[Site "Padova ITA"]
[Date "2012.12.15"]
[Round "1"]
[White "Barp, Alberto"]
[Black "Carraro, Riccardo"]
[WhiteElo "1886"]
[BlackElo "1578"]
[Result "0-1"]
[PlyCount "68"]
[EventDate "2012.12.15"]

1. d4 d5 2. c4 e6 3. Nc3 Nf6 4. Nf3 c5 5. e3 Nc6 6. cxd5 exd5 7. Bd3 Bg4 8.
dxc5 Bxc5 9. O-O O-O 10. a3 Re8 11. b4 Bb6 12. h3 Bh5 13. Be2 d4 14. Nxd4 Bxd4
15. exd4 Qxd4 16. Bxh5 Qxc3 17. Bd2 Qd3 18. Bf3 Rad8 19. Be3 Rxe3 20. Qa4 Rxf3
21. Rad1 Qg6 22. Qxc6 Rfd3 23. Rxd3 Qxd3 24. Qxb7 Qxa3 25. Re1 h6 26. Qc7 Re8
27. Rxe8+ Nxe8 28. Qc6 Qa1+ 29. Kh2 Qe5+ 30. g3 Qe2 31. Kg2 Qe7 32. b5 Nd6 33.
b6 axb6 34. Qxb6 Qb7+ 0-1

[Event "XV Festival B"]
[Site "Padova ITA"]
[Date "2012.12.15"]
[Round "1"]
[White "Basso, Pier Luigi"]
[Black "Favero, Graziano"]
[WhiteElo "2186"]
[BlackElo "1745"]
[Result "1-0"]
[PlyCount "39"]
[EventDate "2012.12.15"]

1. e4 d6 2. d4 Nf6 3. Nc3 g6 4. Bc4 Bg7 5. Qe2 c6 6. e5 dxe5 7. dxe5 Nd5 8. Bd2
Be6 9. O-O-O O-O 10. f4 Qc7 11. Ne4 Nd7 12. Ng5 b5 13. Bd3 Nc5 14. Nxe6 fxe6
15. g3 Qb6 16. h4 h5 17. Bxg6 Rfd8 18. Qxh5 Ne3 19. Nf3 Na4 20. Ng5 1-0

[Event "XV Festival B"]
[Site "Padova ITA"]
[Date "2012.12.15"]
[Round "1"]
[White "Castaldini, Marzia"]
[Black "Negro, Raffaele"]
[WhiteElo "1545"]
[BlackElo "1826"]
[Result "0-1"]
[PlyCount "64"]
[EventDate "2012.12.15"]

1. e4 g6 2. d4 Bg7 3. Nf3 d6 4. h3 Nd7 5. Nc3 e6 6. Be2 Ne7 7. Be3 a6 8. Qd2 h6
9. O-O-O b5 10. g4 Bb7 11. Bd3 Nb6 12. Qe2 Qd7 13. e5 d5 14. h4 b4 15. Nb1 Qa4
16. a3 bxa3 17. Nxa3 O-O 18. Nd2 Nc4 19. Ndb1 Qb4 20. Nxc4 dxc4 21. Bd2 Qb6 22.
Be4 Bxe4 23. Qxe4 Rab8 24. Bc3 Nd5 25. Qe1 h5 26. gxh5 Bh6+ 27. Rd2 Nxc3 28.
Nxc3 Qxb2+ 29. Kd1 Qxc3 30. Ke2 Bxd2 31. Qxd2 Qxd2+ 32. Kxd2 gxh5 0-1

[Event "XV Festival B"]
[Site "Padova ITA"]
[Date "2012.12.15"]
[Round "1"]
[White "Daccico, Gianni"]
[Black "Lodici, Lorenzo"]
[WhiteElo "1666"]
[BlackElo "1931"]
[Result "0-1"]
[PlyCount "56"]
[EventDate "2012.12.15"]

1. e4 c5 2. d3 b5 3. Nd2 e6 4. g3 Bb7 5. Ngf3 d5 6. e5 Nc6 7. Bg2 h5 8. O-O g5
9. Re1 g4 10. Nh4 Be7 11. Nf1 Bxh4 12. gxh4 Qxh4 13. Ng3 O-O-O 14. c3 Qe7 15.
Bf4 Qc7 16. d4 cxd4 17. cxd4 f5 18. Rc1 Nge7 19. Rc5 a6 20. Qc1 Kd7 21. Nxf5
Nxf5 22. Rxd5+ Kc8 23. Rc5 Nfxd4 24. Re3 Kb8 25. Kf1 Qb6 26. Rec3 Nb4 27. Bxb7
Qxb7 28. Rc7 Qh1# 0-1

[Event "XV Festival B"]
[Site "Padova ITA"]
[Date "2012.12.15"]
[Round "1"]
[White "De Marchi, Alessandro"]
[Black "Renier, Renzo"]
[WhiteElo "1713"]
[BlackElo "2006"]
[Result "1/2-1/2"]
[PlyCount "96"]
[EventDate "2012.12.15"]

1. Nf3 Nf6 2. c4 g6 3. g3 Bg7 4. Bg2 O-O 5. O-O c5 6. Nc3 Nc6 7. d3 d6 8. Bg5
h6 9. Be3 Rb8 10. h3 e5 11. Qd2 Kh7 12. a4 Nd4 13. Bxd4 exd4 14. Nd5 Nxd5 15.
cxd5 b6 16. b4 Bb7 17. Nh2 Re8 18. Rfe1 Re5 19. Ng4 Re7 20. a5 h5 21. Nh2 Re5
22. axb6 Qxb6 23. bxc5 dxc5 24. Reb1 Qd6 25. Rxa7 Bxd5 26. Rxb8 Qxb8 27. Ra1
Bxg2 28. Kxg2 Qe8 29. Re1 Re7 30. Nf3 Qc6 31. Kh2 c4 32. dxc4 Qxc4 33. Ng5+ Kg8
34. Qf4 Be5 35. Qf3 Qb5 36. h4 d3 37. exd3 f6 38. Ne4 f5 39. Nc3 Qa5 40. Nd5
Qxe1 41. Nxe7+ Kg7 42. Nc6 Bf6 43. d4 Qd2 44. d5 f4 45. gxf4 Bxh4 46. f5 gxf5
47. Qxf5 Qxf2+ 48. Qxf2 Bxf2 1/2-1/2

[Event "XV Festival B"]
[Site "Padova ITA"]
[Date "2012.12.15"]
[Round "1"]
[White "Desideri, Alessandro"]
[Black "Kolosov, Antonio"]
[WhiteElo "1788"]
[BlackElo "1386"]
[Result "1-0"]
[PlyCount "79"]
[EventDate "2012.12.15"]

1. e4 e5 2. Nf3 d6 3. Bc4 Nf6 4. d3 Nc6 5. c3 Na5 6. Bb5+ Bd7 7. Bxd7+ Nxd7 8.
O-O Nf6 9. d4 Nc6 10. Re1 Be7 11. Nbd2 O-O 12. a3 Nd7 13. Nf1 Bf6 14. Ne3 exd4
15. cxd4 Re8 16. Nd5 Ne7 17. Nxf6+ Nxf6 18. Qb3 Rb8 19. Bg5 Nd7 20. Rad1 Qc8
21. Bd2 c5 22. Ng5 Rf8 23. Bf4 Qc7 24. Qg3 Nc8 25. dxc5 Nxc5 26. e5 Qd7 27.
exd6 b5 28. b4 Nb7 29. Qd3 g6 30. Ne4 f6 31. Qd5+ Kg7 32. Qd2 Nb6 33. Bh6+ Kf7
34. Bxf8 Rxf8 35. Ng5+ Kg8 36. Re7 Qxd6 37. Qa2+ Nd5 38. Rxd5 Qxe7 39. Rd7+ Rf7
40. Rxe7 1-0

[Event "XV Festival B"]
[Site "Padova ITA"]
[Date "2012.12.15"]
[Round "1"]
[White "Dragojlovic, Andjelko"]
[Black "Simioni, Tiziano"]
[WhiteElo "2351"]
[BlackElo "1781"]
[Result "1-0"]
[PlyCount "96"]
[EventDate "2012.12.15"]

1. e4 e6 2. d4 d5 3. Nc3 Bb4 4. Qd3 Ne7 5. Qg3 O-O 6. a3 Bxc3+ 7. bxc3 dxe4 8.
f3 Nf5 9. Qf4 Nd7 10. fxe4 Ne7 11. Nf3 Ng6 12. Qg3 f5 13. exf5 exf5 14. Bc4+
Kh8 15. O-O Nf6 16. Ng5 Nd5 17. Qh3 h6 18. Qh5 Qd6 19. Bxd5 Qxd5 20. Qxg6 hxg5
21. Qxg5 Qf7 22. Bf4 Qf6 23. Qh5+ Kg8 24. Rf3 Be6 25. Rh3 Rfe8 26. Be5 Qh6 27.
Qxh6 gxh6 28. Rxh6 Bd5 29. Rf1 Be4 30. g4 Kf7 31. Rh7+ Kg6 32. Rxc7 Rf8 33. Rf4
Rac8 34. gxf5+ Bxf5 35. Rg7+ Kh5 36. h4 Bg6 37. Rxf8 Rxf8 38. Rxb7 Rc8 39. d5
Rc5 40. Rxa7 Rxd5 41. Bd4 Kxh4 42. Kf2 Bxc2 43. a4 Kg4 44. Ke3 Kf5 45. a5 Bb3
46. Rf7+ Ke6 47. Rf6+ Ke7 48. Rb6 Bc4 {...} 1-0

[Event "XV Festival B"]
[Site "Padova ITA"]
[Date "2012.12.15"]
[Round "1"]
[White "Fragni, Enrico"]
[Black "Rigoni, Vinicio"]
[WhiteElo "1659"]
[BlackElo "1912"]
[Result "0-1"]
[PlyCount "100"]
[EventDate "2012.12.15"]

1. Nf3 d6 2. e4 Nf6 3. Nc3 c5 4. Bb5+ Bd7 5. Qe2 a6 6. Bxd7+ Nbxd7 7. O-O e6 8.
a4 Be7 9. d3 O-O 10. h3 h6 11. Nh2 Ne5 12. f4 Nc6 13. Be3 d5 14. exd5 Nxd5 15.
Bd2 Nd4 16. Qd1 Nb4 17. Rc1 Qd7 18. Kh1 Rad8 19. b3 Ndxc2 20. Rxc2 Nxc2 21.
Qxc2 Qxd3 22. Qxd3 Rxd3 23. Be1 Rfd8 24. Nf3 f6 25. Rf2 Bd6 26. g3 Bc7 27. Kg2
Ba5 28. Ne4 Bxe1 29. Nxe1 Re3 30. Nxc5 Rxe1 31. Nxb7 Rc8 32. Nd6 Rc3 33. b4
Ree3 34. b5 Rxg3+ 35. Kf1 axb5 36. axb5 Rc1+ 37. Ke2 Rc2+ 38. Kf1 Rxf2+ 39.
Kxf2 Rb3 40. h4 Kf8 41. Ke2 Ke7 42. Nc8+ Kd8 43. Na7 Kc7 44. Nc6 Rxb5 45. Nd4
Rb2+ 46. Ke3 Kd7 47. Kf3 Ke7 48. Nc6+ Kd6 49. Nd4 h5 50. Kg3 Kd5 0-1

[Event "XV Festival B"]
[Site "Padova ITA"]
[Date "2012.12.15"]
[Round "1"]
[White "Gennari, Andrea"]
[Black "Belloni, Umberto"]
[WhiteElo "1506"]
[BlackElo "1797"]
[Result "0-1"]
[PlyCount "48"]
[EventDate "2012.12.15"]

1. d4 d5 2. c4 c6 3. Nc3 e6 4. e4 dxe4 5. Nxe4 Nf6 6. Bg5 Bb4+ 7. Nc3 Qa5 8.
Bd2 Qc7 9. Rc1 O-O 10. Qf3 e5 11. Nge2 exd4 12. Nxd4 Bg4 13. Qd3 Nbd7 14. Ne4
Bxd2+ 15. Nxd2 Nc5 16. Qc2 Rad8 17. N2b3 Nxb3 18. Nxb3 Rfe8+ 19. Be2 Rxe2+ 20.
Qxe2 Bxe2 21. Kxe2 Qe5+ 22. Kf1 Qxb2 23. Ra1 Ne4 24. Ke1 Qxf2# 0-1

[Event "XV Festival B"]
[Site "Padova ITA"]
[Date "2012.12.15"]
[Round "1"]
[White "Gennari, Jacopo"]
[Black "Donsbach, Peter"]
[WhiteElo "1837"]
[BlackElo "1554"]
[Result "1-0"]
[PlyCount "57"]
[EventDate "2012.12.15"]

1. d4 Nf6 2. c4 g6 3. Nc3 d5 4. g3 Bg7 5. Bg2 c6 6. b3 O-O 7. Bb2 Re8 8. e3 Bf5
9. Nge2 dxc4 10. bxc4 Qc7 11. O-O Na6 12. e4 Bd7 13. Qb3 Rad8 14. Rac1 Bc8 15.
Na4 Nd7 16. f4 c5 17. d5 e5 18. Nac3 exf4 19. gxf4 Nf8 20. Nb5 Qb6 21. e5 Nc7
22. Nec3 Nxb5 23. Qxb5 Qxb5 24. Nxb5 a6 25. Nc7 Re7 26. d6 Red7 27. Bh3 Ne6 28.
Nxe6 fxe6 29. Bxe6+ 1-0

[Event "XV Festival B"]
[Site "Padova ITA"]
[Date "2012.12.15"]
[Round "1"]
[White "Gennari, Leone"]
[Black "Bergamasco, Tommaso"]
[WhiteElo "1975"]
[BlackElo "1685"]
[Result "1-0"]
[PlyCount "87"]
[EventDate "2012.12.15"]

1. d4 f5 2. c4 Nf6 3. Nc3 e6 4. Nf3 Be7 5. Bf4 O-O 6. e3 b6 7. Be2 Bb7 8. O-O
Nh5 9. Bg3 Nxg3 10. hxg3 d6 11. Qb3 Nd7 12. Rfd1 Nf6 13. Rac1 Rb8 14. c5 d5 15.
cxb6 cxb6 16. Ne5 Nd7 17. Nf3 Nf6 18. Rc2 Ne4 19. Rdc1 Rc8 20. Ne5 Bd6 21. Nxe4
fxe4 22. Nc6 Qf6 23. f4 exf3 24. Bxf3 Bxg3 25. Nxa7 Rxc2 26. Rxc2 Qh6 27. Kf1
Ba6+ 28. Nb5 Bxb5+ 29. Qxb5 Qxe3 30. Qe2 Qh6 31. Qd1 Re8 32. Rc6 b5 33. Ke2 Qg5
34. Kd3 Qf5+ 35. Kc3 Qf7 36. Qe2 b4+ 37. Kb3 e5 38. dxe5 Bxe5 39. Qb5 Rd8 40.
Rc5 Qf4 41. Bxd5+ Kh8 42. Qc4 Qd2 43. Rc8 Qxb2+ 44. Ka4 1-0

[Event "XV Festival B"]
[Site "Padova ITA"]
[Date "2012.12.15"]
[Round "1"]
[White "Licandro, Michele"]
[Black "Sinato, Fabrizio"]
[WhiteElo "1572"]
[BlackElo "1862"]
[Result "0-1"]
[PlyCount "88"]
[EventDate "2012.12.15"]

1. d4 Nf6 2. Bf4 d5 3. e3 e6 4. Bd3 Be7 5. Nf3 Nbd7 6. Nbd2 b6 7. e4 dxe4 8.
Nxe4 Bb7 9. Qe2 O-O 10. c3 c5 11. dxc5 Bxe4 12. Bxe4 Nxe4 13. Qxe4 Nxc5 14. Qe3
Nd3+ 15. Ke2 Nxb2 16. Rab1 Nc4 17. Qe4 Qc8 18. Ng5 Bxg5 19. Bxg5 Qa6 20. Kf3
Rac8 21. Rhd1 h6 22. Be7 Rfe8 23. Bb4 f5 24. Qf4 Qb7+ 25. Ke2 a5 26. Bd6 Qxg2
27. Rg1 Qc6 28. Rbd1 Nxd6 29. Rxd6 Qb5+ 30. Rd3 Rxc3 31. Qd4 Qxd3+ 32. Qxd3
Rxd3 33. Kxd3 Rc8 34. Rb1 Rc6 35. f4 g5 36. Rg1 g4 37. Rg2 Kg7 38. Kd4 Kf6 39.
a4 h5 40. Re2 h4 41. Rb2 h3 42. Re2 Rc1 43. Ra2 Ke7 44. Ke5 Rc4 0-1

[Event "XV Festival B"]
[Site "Padova ITA"]
[Date "2012.12.15"]
[Round "1"]
[White "Marangoni, Simone"]
[Black "Simonetto, Alessio"]
[WhiteElo "1877"]
[BlackElo "1572"]
[Result "1-0"]
[PlyCount "63"]
[EventDate "2012.12.15"]

1. d4 d5 2. c4 e6 3. Nc3 Nf6 4. Nf3 b6 5. e3 Bb7 6. b3 Nbd7 7. Be2 Be7 8. O-O
Rc8 9. Bb2 O-O 10. Re1 c5 11. cxd5 Nxd5 12. Nxd5 Bxd5 13. Ba6 Rb8 14. e4 Bb7
15. Bxb7 Rxb7 16. d5 exd5 17. Qxd5 Qc7 18. Rad1 Rd8 19. Qf5 g6 20. Qh3 Bf6 21.
e5 Bg7 22. Ng5 Nf8 23. Rxd8 Qxd8 24. Ne4 Re7 25. f4 Ne6 26. Qe3 Rd7 27. Nf6+
Bxf6 28. exf6 Rd2 29. f5 Qd5 30. Qg3 Qxf5 31. Rxe6 fxe6 32. Qb8+ 1-0

[Event "XV Festival B"]
[Site "Padova ITA"]
[Date "2012.12.15"]
[Round "1"]
[White "Montoli, Marco"]
[Black "Bellon, Antonio"]
[WhiteElo "1938"]
[BlackElo "1668"]
[Result "1-0"]
[PlyCount "123"]
[EventDate "2012.12.15"]

1. c4 d6 2. g3 e5 3. Bg2 f5 4. Nc3 Nf6 5. d3 c6 6. Nf3 Be6 7. Ng5 Bg8 8. O-O h6
9. Nf3 Nbd7 10. Rb1 d5 11. cxd5 Nxd5 12. Nh4 Qf6 13. e4 Ne7 14. exf5 Nxf5 15.
Ne4 Qf7 16. Nxf5 Qxf5 17. Nc3 Nf6 18. Qa4 Qd7 19. Re1 Be7 20. Rxe5 Bh7 21. Bf4
O-O 22. Qb3+ Kh8 23. Ree1 Bc5 24. Ne4 Bb6 25. Rbd1 Rad8 26. Be3 Nd5 27. Bxb6
Nxb6 28. Rf1 Nd5 29. Rde1 Nf6 30. Nxf6 Rxf6 31. Be4 Rd6 32. Re3 Bg8 33. Qa3 b6
34. b3 Bd5 35. Rfe1 c5 36. Qb2 Qc6 37. Bxd5 Rxd5 38. Qe2 Kh7 39. Re6 Qb5 40.
Qe4+ Kh8 41. Re8+ Rxe8 42. Qxe8+ Qxe8 43. Rxe8+ Kh7 44. Re7 Rxd3 45. Rxa7 b5
46. Rc7 Rc3 47. h4 c4 48. bxc4 bxc4 49. a4 Rc1+ 50. Kg2 c3 51. a5 c2 52. a6 Ra1
53. Rxc2 Rxa6 54. h5 g6 55. Rc7+ Kg8 56. hxg6 Rxg6 57. f4 h5 58. Kf3 Rh6 59. f5
h4 60. g4 h3 61. Rc1 Kf7 62. Kg3 1-0

[Event "XV Festival B"]
[Site "Padova ITA"]
[Date "2012.12.15"]
[Round "1"]
[White "Negro, Roberto"]
[Black "Liguori, Michele"]
[WhiteElo "2156"]
[BlackElo "1733"]
[Result "1-0"]
[PlyCount "76"]
[EventDate "2012.12.15"]

1. d4 Nf6 2. Nf3 e6 3. e3 c5 4. Bd3 b6 5. O-O Bb7 6. Nbd2 Be7 7. b3 d6 8. Bb2
O-O 9. c4 Nc6 10. Rc1 Rc8 11. Bb1 Re8 12. Qc2 g6 13. Rfd1 cxd4 14. Nf1 d5 15.
Nxd4 Nxd4 16. Rxd4 Bc5 17. Rdd1 Qe7 18. Qd2 Ba3 19. Bxa3 Qxa3 20. cxd5 Bxd5 21.
Rxc8 Rxc8 22. Qd4 Qe7 23. e4 e5 24. Qe3 Bb7 25. Qg5 Qe6 26. f3 Nh5 27. g3 Qf6
28. Qe3 Rd8 29. Rd2 Rd6 30. Kf2 Qd8 31. Bd3 Ng7 32. Bc4 Bc8 33. Qc3 Rxd2+ 34.
Nxd2 Ne6 35. Bd5 Nd4 36. f4 Be6 37. fxe5 Nb5 38. Qc6 Qc7 1-0

[Event "XV Festival B"]
[Site "Padova ITA"]
[Date "2012.12.15"]
[Round "1"]
[White "Penzo, Amleto"]
[Black "Desideri, Leonardo"]
[WhiteElo "1847"]
[BlackElo "1564"]
[Result "1-0"]
[PlyCount "83"]
[EventDate "2012.12.15"]

1. d4 f5 2. g3 e6 3. Bg2 Nf6 4. Nh3 Be7 5. c4 d6 6. Nc3 O-O 7. O-O e5 8. d5 c6
9. Qc2 Qc7 10. Ng5 e4 11. Be3 a6 12. a4 cxd5 13. cxd5 Nxd5 14. Qb3 Qd8 15.
Qxd5+ Kh8 16. Nf7+ Rxf7 17. Qxf7 Bf6 18. Rfd1 h6 19. Bd4 Bxd4 20. Rxd4 Nc6 21.
Rd2 Ne5 22. Qd5 Qe8 23. Qxd6 Kh7 24. Qb4 Bd7 25. Qxb7 Bc6 26. Qb4 e3 27. fxe3
Rb8 28. Bxc6 Nxc6 29. Qf4 Qc8 30. Rad1 Rb4 31. Qd6 Qe8 32. Qd3 Qe5 33. Rf1 Ne7
34. Rf4 Rb7 35. Qd4 Qe6 36. e4 g5 37. Rf2 f4 38. Nd5 fxg3 39. hxg3 Qh3 40. Rf7+
Kg6 41. Qg7+ Kh5 42. Nf6# 1-0

[Event "XV Festival B"]
[Site "Padova ITA"]
[Date "2012.12.15"]
[Round "1"]
[White "Pilotto, Alessandro"]
[Black "Cancian, Loris"]
[WhiteElo "1573"]
[BlackElo "1878"]
[Result "0-1"]
[PlyCount "78"]
[EventDate "2012.12.15"]

1. d4 d5 2. Bf4 Nf6 3. e3 c5 4. c3 e6 5. Nf3 Nc6 6. h3 a6 7. Be2 Bd6 8. Ne5
Bxe5 9. Bxe5 Nxe5 10. dxe5 Nd7 11. f4 Qa5 12. Kf1 O-O 13. Qe1 Qc7 14. Nd2 f6
15. exf6 Nxf6 16. Kg1 e5 17. fxe5 Qxe5 18. Bf3 Bf5 19. Nf1 Rae8 20. Qf2 Be4 21.
Re1 Bxf3 22. Qxf3 Ne4 23. Qe2 Rf2 24. Qg4 Rxb2 25. Qd7 Nxc3 26. Rh2 Rf8 27. a3
Rbf2 28. Qg4 Ne2+ 29. Qxe2 Rxe2 30. Rxe2 Rxf1+ 31. Kxf1 Qxh2 32. Rd2 Qe5 33.
Ke2 d4 34. Rd3 dxe3 35. Rxe3 Qb2+ 36. Kf3 c4 37. a4 c3 38. Re8+ Kf7 39. Rc8 c2
0-1

[Event "XV Festival B"]
[Site "Padova ITA"]
[Date "2012.12.15"]
[Round "1"]
[White "Pisani, Valerio"]
[Black "Boscolo, Marco"]
[WhiteElo "1731"]
[BlackElo "2145"]
[Result "0-1"]
[PlyCount "52"]
[EventDate "2012.12.15"]

1. Nc3 d5 2. e4 e6 3. exd5 exd5 4. d4 Nf6 5. Bd3 Bd6 6. h3 O-O 7. Be3 Nc6 8. a3
Be6 9. Nf3 Ne7 10. g4 Ng6 11. Qd2 c6 12. g5 Nh5 13. Ne2 Qc7 14. c3 b5 15. Qc2
a5 16. Nd2 Rfe8 17. Bf5 Bxf5 18. Qxf5 Ne7 19. Qg4 g6 20. Nf3 Nf5 21. Kd2 Re4
22. Qg2 Rae8 23. Ne5 Bxe5 24. dxe5 Qxe5 25. Nd4 Nxe3 26. fxe3 Rxe3 0-1

[Event "XV Festival B"]
[Site "Padova ITA"]
[Date "2012.12.15"]
[Round "1"]
[White "Quaranta, Gaetano"]
[Black "Zavan, Fabrizio"]
[WhiteElo "1815"]
[BlackElo "1534"]
[Result "1-0"]
[PlyCount "66"]
[EventDate "2012.12.15"]

1. e4 c6 2. d4 d5 3. e5 Bf5 4. g4 Bd7 5. Nc3 e6 6. Nf3 c5 7. Bg5 Be7 8. Bxe7
Qxe7 9. Bb5 a6 10. Bxd7+ Qxd7 11. dxc5 Qc7 12. b4 Ne7 13. O-O O-O 14. Re1 Nd7
15. Qd3 Nc6 16. Rab1 Ndxe5 17. Nxe5 Nxe5 18. Qg3 f6 19. g5 Qf7 20. b5 Nc4 21.
c6 axb5 22. cxb7 Qxb7 23. Rxe6 fxg5 24. Qxg5 Qf7 25. Re2 Qf3 26. Qxd5+ Qxd5 27.
Nxd5 Nd6 28. c3 Rae8 29. Reb2 Re5 30. Nc7 Rb8 31. a4 Rg5+ 32. Kf1 Nc4 33. Re2
Rb6 {...} 1-0

[Event "XV Festival B"]
[Site "Padova ITA"]
[Date "2012.12.15"]
[Round "1"]
[White "Rodella, Umberto"]
[Black "Gromovs, Sergejs"]
[WhiteElo "1738"]
[BlackElo "2161"]
[Result "0-1"]
[PlyCount "84"]
[EventDate "2012.12.15"]

1. d4 d5 2. c4 e6 3. Nc3 c5 4. dxc5 d4 5. Nb5 Bxc5 6. Nf3 Nc6 7. Bf4 e5 8. Nxe5
Nxe5 9. Bxe5 Bb4+ 10. Nc3 dxc3 11. Qa4+ Qd7 12. Qxd7+ Bxd7 13. bxc3 Bf8 14. g3
Bc6 15. f3 Ne7 16. Bh3 f6 17. Bd4 Bd7 18. Bg2 Nc6 19. e3 b6 20. Kf2 Na5 21.
Rhd1 Nxc4 22. f4 Rc8 23. Bd5 Ba3 24. e4 Ke7 25. Kf3 Be6 26. Bb7 Rc7 27. Ba6 h5
28. Rd3 Nb2 29. Rd2 Bc4 30. Bxc4 Nxc4 31. Re2 Rd8 32. g4 Bb2 33. Rb1 Bxc3 34.
Bxc3 Rd3+ 35. Kg2 Rxc3 36. gxh5 Rc5 37. Rd1 Ne3+ 38. Rxe3 Rxe3 39. Rd2 Rxh5 40.
Rc2 Rc5 41. Rd2 Rxe4 42. Kf3 Rcc4 0-1

[Event "XV Festival B"]
[Site "Padova ITA"]
[Date "2012.12.15"]
[Round "1"]
[White "Rossi, Davide"]
[Black "Tomio, Dante"]
[WhiteElo "1556"]
[BlackElo "1845"]
[Result "0-1"]
[PlyCount "27"]
[EventDate "2012.12.15"]

1. e4 c5 2. d3 Nc6 3. f4 e6 4. Nf3 d6 5. Nc3 Nf6 6. Be2 Be7 7. O-O a6 8. a4 Qc7
9. b3 b6 10. h3 Bb7 11. Bd2 h6 12. Kh1 O-O-O 13. Na2 Nd7 14. b4 {...} 0-1

[Event "XV Festival B"]
[Site "Padova ITA"]
[Date "2012.12.15"]
[Round "1"]
[White "Saponara, Nicola"]
[Black "Rigo, Mario"]
[WhiteElo "1796"]
[BlackElo "1503"]
[Result "0-1"]
[PlyCount "46"]
[EventDate "2012.12.15"]

1. e4 e5 2. Nf3 Nc6 3. Bc4 Bc5 4. c3 d6 5. d4 Bb6 6. Ng5 Nh6 7. d5 Ne7 8. O-O
O-O 9. Kh1 f5 10. Qh5 f4 11. Be2 Bd7 12. g3 Qc8 13. f3 Ng6 14. Na3 a6 15. b3
Rf6 16. g4 Qe8 17. Nxh7 Kxh7 18. g5 Rf8 19. Bd2 Ne7 20. Qxe8 Raxe8 21. gxh6
Kxh6 22. Nc4 Ba7 23. Bd3 Rg8 {...} 0-1

[Event "XV Festival B"]
[Site "Padova ITA"]
[Date "2012.12.15"]
[Round "1"]
[White "Seletsky, Grigory"]
[Black "Mancin, Michele"]
[WhiteElo "2308"]
[BlackElo "1750"]
[Result "1-0"]
[PlyCount "47"]
[EventDate "2012.12.15"]

1. e4 e5 2. Nf3 d6 3. d4 exd4 4. Qxd4 Nc6 5. Bb5 Bd7 6. Bxc6 Bxc6 7. Nc3 Nf6 8.
Bg5 Be7 9. O-O-O h6 10. Bh4 O-O 11. Rhe1 Re8 12. h3 a5 13. Qc4 Nd7 14. Bg3 Nb6
15. Qd3 Bf6 16. Nd4 g6 17. Nxc6 bxc6 18. f4 Bg7 19. e5 d5 20. h4 h5 21. f5 Bh6+
22. Kb1 g5 23. f6 g4 24. Qf5 1-0

[Event "XV Festival B"]
[Site "Padova ITA"]
[Date "2012.12.15"]
[Round "1"]
[White "Simonetto, Adriano"]
[Black "Ciani, Davide"]
[WhiteElo "2001"]
[BlackElo "1711"]
[Result "1-0"]
[PlyCount "69"]
[EventDate "2012.12.15"]

1. d4 d5 2. c4 e6 3. Nc3 Nf6 4. cxd5 exd5 5. Bg5 Be7 6. e3 O-O 7. Qc2 Bg4 8.
Bd3 Nbd7 9. Nf3 Bh5 10. Ne5 Bg6 11. Nxg6 fxg6 12. O-O c6 13. f3 Nh5 14. Bxe7
Qxe7 15. Rae1 Qf6 16. Kh1 Rae8 17. g4 Nf4 18. exf4 Rxe1 19. Rxe1 Qxf4 20. Qf2
Nf6 21. Qe3 Qc7 22. Qe5 Kh8 23. Qe7 Qb8 24. Qe5 Qd8 25. Qe7 Qb8 26. g5 Nh5 27.
Re5 Kg8 28. Be2 Nf4 29. Bf1 a6 30. Na4 b6 31. Qd7 c5 32. Re7 Nh5 33. Qxd5+ Kh8
34. Qe5 Qa8 35. d5 1-0

[Event "XV Festival B"]
[Site "Padova ITA"]
[Date "2012.12.15"]
[Round "1"]
[White "Simonetto, Andrea"]
[Black "Rosina, Graziano"]
[WhiteElo "1489"]
[BlackElo "1789"]
[Result "0-1"]
[PlyCount "62"]
[EventDate "2012.12.15"]

1. c4 Nf6 2. Nc3 c5 3. g3 d5 4. cxd5 Nxd5 5. Bg2 e6 6. a3 Be7 7. Qb3 Nb6 8. d3
Nc6 9. Nf3 O-O 10. O-O e5 11. Bd2 Be6 12. Qc2 Rc8 13. Rfd1 Nd4 14. Nxd4 cxd4
15. Bxb7 Rc7 16. Bg2 dxc3 17. Bxc3 Nd5 18. Bxd5 Qxd5 19. e4 Qb7 20. Qe2 f6 21.
Rf1 Bc5 22. Kh1 Bd4 23. Bxd4 exd4 24. f4 Rfc8 25. f5 Bf7 26. b4 Rc2 27. Qf3 Rd2
28. Rf2 Rxf2 29. Qxf2 Qb6 30. Qd2 Rc3 31. Rc1 Qc7 0-1

[Event "XV Festival B"]
[Site "Padova ITA"]
[Date "2012.12.15"]
[Round "1"]
[White "Simongini, Giacomo"]
[Black "Guerra, Alessandro"]
[WhiteElo "1748"]
[BlackElo "2200"]
[Result "0-1"]
[PlyCount "70"]
[EventDate "2012.12.15"]

1. d4 Nf6 2. Nf3 e6 3. Bg5 c5 4. e3 Nc6 5. c3 d5 6. Nbd2 cxd4 7. exd4 Be7 8.
Bd3 O-O 9. O-O h6 10. Bh4 Bd7 11. Re1 Rc8 12. Bb5 Qb6 13. Bxc6 Bxc6 14. Rb1 Qa6
15. a3 Ba4 16. Qc1 Qd3 17. Ne5 Qc2 18. Ndf3 Qxc1 19. Rbxc1 g5 20. Bg3 Ne4 21.
Nd3 a5 22. Nfe5 Kg7 23. Re2 f6 24. Ng4 Bb5 25. Rd1 h5 26. Ne3 h4 27. f3 hxg3
28. fxe4 dxe4 29. Nc1 gxh2+ 30. Kxh2 Bxe2 31. Nxe2 f5 32. d5 Bd6+ 33. g3 f4 34.
gxf4 gxf4 35. Ng4 f3+ 0-1

[Event "XV Festival B"]
[Site "Padova ITA"]
[Date "2012.12.15"]
[Round "1"]
[White "Solaroli, Riccardo"]
[Black "Zanini, Andrea"]
[WhiteElo "1920"]
[BlackElo "1662"]
[Result "1-0"]
[PlyCount "125"]
[EventDate "2012.12.15"]

1. e4 b6 2. d4 Bb7 3. Nc3 e6 4. Nf3 Bb4 5. Bd3 h6 6. a3 Bxc3+ 7. bxc3 Nf6 8.
Qe2 O-O 9. e5 Ne8 10. O-O d6 11. a4 Nd7 12. Ba3 c5 13. Nd2 dxe5 14. dxe5 Nc7
15. f4 Nd5 16. Qe4 f5 17. exf6 N7xf6 18. Qxe6+ Kh8 19. c4 Re8 20. Qf7 Re7 21.
Qg6 Ne3 22. Bb2 Qg8 23. Bxf6 gxf6 24. Qxh6+ Rh7 25. Qxh7+ Qxh7 26. Bxh7 Kxh7
27. Rf2 Rg8 28. g3 Nxc2 29. Ra2 Nd4 30. a5 Re8 31. Kf1 Bc8 32. Kg2 Bb7+ 33. Kh3
Ne2 34. axb6 Ng1+ 35. Kh4 axb6 36. Ra7 Re7 37. Ne4 Kh8 38. Nxf6 Rf7 39. Nh5 Rh7
40. f5 Nf3+ 41. Rxf3 Bxf3 42. Rxh7+ Kxh7 43. Nf6+ Kg7 44. Nd7 b5 45. cxb5 c4
46. f6+ Kg8 47. Ne5 c3 48. Nd3 Be2 49. b6 Bxd3 50. b7 c2 51. b8=Q+ Kf7 52. Qe5
c1=Q 53. Qe7+ Kg6 54. Qg7+ Kf5 55. g4+ Ke6 56. Qe7+ Kd5 57. Qd7+ Ke4 58. Qe6+
Kd4 59. f7 Qf1 60. Qd6+ Kc3 61. f8=Q Qe2 62. Qg3 Qe6 63. Qc5+ 1-0

[Event "XV Festival B"]
[Site "Padova ITA"]
[Date "2012.12.15"]
[Round "1"]
[White "Tissino, Tiziano"]
[Black "Cacco, Christian"]
[WhiteElo "1776"]
[BlackElo "2325"]
[Result "0-1"]
[PlyCount "66"]
[EventDate "2012.12.15"]

1. Nf3 g6 2. g3 Bg7 3. Bg2 d6 4. d4 Nf6 5. O-O O-O 6. b3 c6 7. Bb2 Nbd7 8. Nbd2
Qc7 9. c4 e5 10. dxe5 dxe5 11. e4 Re8 12. Qc2 a5 13. c5 Bf8 14. Nc4 Bxc5 15.
Ncxe5 Nxe5 16. Qxc5 Nd3 17. Qc3 Nxb2 18. Qxf6 Nd3 19. Rfd1 Nc5 20. Ng5 h6 21.
Rac1 Nxb3 22. axb3 hxg5 23. Qxg5 Be6 24. Qe3 Rad8 25. Bf1 Rxd1 26. Rxd1 Rd8 27.
Rxd8+ Qxd8 28. Bc4 Bxc4 29. bxc4 b5 30. Qb3 a4 31. Qc2 Qd4 32. cxb5 cxb5 33.
Kf1 a3 0-1